| 000 | 00474nam a2200193 a 4500 | ||
|---|---|---|---|
| 001 | 4334 | ||
| 003 | CO-ViMGA | ||
| 008 | 141112s2004 ck r 000 u spa d | ||
| 020 | _a9502007379 | ||
| 040 |
_aCO-ViMGA _bspa _cCO-ViMGA |
||
| 082 | 0 | 4 | _a347.072 F152c |
| 100 | 1 | _aFalcón, Enrique M | |
| 245 | 1 | 0 | _aCómo hacer una demanda |
| 250 | _a2a | ||
| 260 |
_aBuenos Aires : _bAbeledo - Perrot, _c1993 |
||
| 300 | _a124 p | ||
| 650 | 1 | 4 | _aDEMANDAS PENALES |
| 942 |
_2ddc _cBK |
||
| 999 |
_c16347 _d16347 |
||